مقدمة في الحاسب وتطبيقاته / (Record no. 14258)
[ view plain ]
| 000 -LEADER | |
|---|---|
| fixed length control field | 00969nam a22001937a 4500 |
| 008 - FIXED-LENGTH DATA ELEMENTS--GENERAL INFORMATION | |
| fixed length control field | 100628t xxu||||| |||| 00| 0 eng d |
| 082 ## - DEWEY DECIMAL CLASSIFICATION NUMBER | |
| Edition number | 22 |
| Classification number | 004 |
| Item number | ح م و |
| 100 ## - MAIN ENTRY--PERSONAL NAME | |
| 9 (RLIN) | 15364 |
| Personal name | حموده، عادل |
| 245 ## - TITLE STATEMENT | |
| Title | مقدمة في الحاسب وتطبيقاته / |
| Statement of responsibility, etc | عادل حمودة؛ وداد المشعل؛ مراجعة نزيه الشايع |
| 260 ## - PUBLICATION, DISTRIBUTION, ETC. (IMPRINT) | |
| Place of publication, distribution, etc | الكويت : |
| Name of publisher, distributor, etc | الجمعية الكويتية للدراسات والبحوث التخصصية، 2000 |
| Date of publication, distribution, etc | 2000 |
| 300 ## - PHYSICAL DESCRIPTION | |
| Extent | 289 ص : |
| Other physical details | صور، لو ؛ |
| Dimensions | 24 سم |
| 504 ## - BIBLIOGRAPHY, ETC. NOTE | |
| Bibliography, etc | ببليوجرافية :ص 289 |
| 541 ## - IMMEDIATE SOURCE OF ACQUISITION NOTE | |
| Source of acquisition | ألف باء ؛ |
| 650 ## - SUBJECT ADDED ENTRY--TOPICAL TERM | |
| 9 (RLIN) | 15372 |
| Topical term or geographic name as entry element | الحاسبات الالكترونية |
| 700 ## - ADDED ENTRY--PERSONAL NAME | |
| 9 (RLIN) | 15365 |
| Personal name | المشعل، وداد |
| 700 ## - ADDED ENTRY--PERSONAL NAME | |
| 9 (RLIN) | 15366 |
| Personal name | الشايع، نزيه |
| Relator term | مراجعة |
| 942 ## - ADDED ENTRY ELEMENTS (KOHA) | |
| Source of classification or shelving scheme | Dewey Decimal Classification |
| Item type | Book - Borrowing |
| Withdrawn status | Item status | Source of classification or shelving scheme | Damaged status | Not for loan | Vendor | Home library | Current library | Shelving location | Date acquired | Source of acquisition | Total Checkouts | Full call number | Barcode | Date last seen | Koha item type |
|---|---|---|---|---|---|---|---|---|---|---|---|---|---|---|---|
| Dewey Decimal Classification | Alef-Baa | Central Library | Central Library | Lower Floor | 28/06/2010 | 004 حمو | 000021224 | 15/07/2025 | Book - Borrowing |